Situación de la violencia intrafamiliar
Na minha lista:
| Formato: | Livro |
|---|---|
| Idioma: | Spanish |
| Tags: |
Adicionar Tag
Sem tags, seja o primeiro a adicionar uma tag!
|
MARC
| LEADER | 00000nam a22000007a 4500 | ||
|---|---|---|---|
| 003 | cru CIDCACS/IIS | ||
| 005 | 20190125134506.0 | ||
| 007 | ta | ||
| 008 | 190124s1998 es |||||r||||||0| ||spa d | ||
| 999 | |c 42122 |d 42122 | ||
| 040 | |c cru CIDCACS/IIS | ||
| 245 | 1 | |a Situación de la violencia intrafamiliar | |
| 300 | |a páginas 10-11 | ||
| 942 | |2 ddc |c PP | ||
| 773 | 0 | |0 42115 |9 2626 |a Universidad Centroamericana José Simeón Cañas (UCA) |d San Salvador, El Salvador: Universidad Centroamericana José Simeón Cañas. Centro Universitario de Documentación e Información |o 18220 |t El Salvador Proceso: |x 02599864 | |
